| 000 | 01243nam a2200385 a 4500 | ||
|---|---|---|---|
| 001 | 000110237 | ||
| 003 | CHAP | ||
| 005 | 20220329144123.0 | ||
| 008 | 140805s2013 it aj |r| ||||||eng d | ||
| 010 | _a106699 | ||
| 011 | _a107671 | ||
| 020 | _a9789251078778 | ||
| 040 | _cCHAP | ||
| 082 | 0 | 4 |
_a631 _bF218y |
| 245 | 1 | 0 |
_aBiotechnologies at work for smallholders. Case studies from developing countries in crops, livestock and fish / _ceditado por Ruane, J. ...[et al.]. |
| 260 |
_aRoma : _bFAO, _c2013. |
||
| 300 |
_aviii, 198 p. : _bil., tabs. |
||
| 490 | 1 | _aDocumento ocasional | |
| 590 |
_aBATCH-UPD _b05 _c20140805 _lUCH01 _h1142 |
||
| 590 |
_aE5995AHE _b05 _c20140805 _lUCH01 _h1108 |
||
| 590 |
_aE5995AHE _b05 _c20140805 _lUCH01 _h1141 |
||
| 590 |
_aE5995AHE _b05 _c20140805 _lUCH01 _h1144 |
||
| 590 |
_aE5995AHE _b05 _c20140805 _lUCH01 _h1144 |
||
| 590 |
_aE5995AHE _b05 _c20140805 _lUCH01 _h1145 |
||
| 650 | 1 | 4 |
_aAgricultura _xInvestigación. _91577 |
| 650 | 1 | 4 |
_aBiotecnología. _912878 |
| 650 | 1 | 4 |
_aCultivos. _930221 |
| 650 | 1 | 4 |
_aDesarrollo agrícola. _9125465 |
| 650 | 1 | 4 |
_aGanadería. _944604 |
| 700 | 0 |
_aRuane, John _e. ed. _9100436 |
|
| 830 | 0 | 0 |
_aDocumento ocasional _933240 |
| 901 | _aBK | ||
| 942 | _cLIBRO | ||
| 942 | _n0 | ||
| 999 |
_c106699 _d106699 |
||